000 00993cam a2200325 i 4500
001 251489
003 OSt
005 20241003140252.0
008 840906c19771974miu b 001 0 eng
010 _a 75152480
020 _a0879072059
020 _a0879077050
040 _aBSOP
041 1 _aeng
_hlat
100 0 _aAelred,
_cof Rievaulx, Saint,
_d1110-1167.
240 1 0 _aDe spirituali amicitia.
_lEnglish
245 1 0 _aSpiritual friendship /
_ctranslated by Mary Eugenia Laker.
260 _aKalamazoo, Mich. :
_bCistercian Publications,
_c1977, c1974.
300 _a144 p. ;
_c23 cm.
336 _2rdacontent
337 _2rdamedia
338 _2rdacarrier
440 _aCistercian Fathers series ;
_nno. 5
500 _aTranslation of: De spirituali amicitia.
500 _aIncludes index.
504 _aBibliography: p. 137-139.
650 0 _aSpiritual life
_xChristianity
_xHistory of doctrines
_yMiddle Ages, 600-1500.
650 0 _aFriendship.
942 _2lcc
_cBK
999 _c37996
_d37996